000 00916nam a22002897a 4500
001 BR9603658
003 BR-BrBNA
005 20230928095024.0
007 ta
008 230509b bl.||||| |||| 00| 0 por d
040 _aBR-BrBNA
_bpor
_cBiblioteca Nacional de Agricultura
041 _a(Por)
072 _aP33
_b0336
090 _ 0336 BR9603658
100 1 _aPereira, A.R.
110 1 _aEscola Superior de Agricultura de Lavras, MG (Brasil)
_0Tese (Mestrado em Engenharia Agricola)
245 1 _aEfeitos da irrigacao e mecanizacao sobre a compactacao de um latossolo cultivado com soja
260 3 _aLavras, MG (Brasil):
_c1994.
300 _a59 p.
500 _aBibliography p. 44-49; 17 tables; 12 graphs; Summaries (Eng, Por)
650 _aSoja
650 _aIrrigacao
650 _aMecanizacao Agricola
650 _aCompactacao do Solo
909 _a202309
_bLucia
_c55
_dLucia Elande
942 _cBK
999 _c54049
_d54049